000
00259nam a2200109Ia 4500
008
200302s9999 xx 000 0 und d
100
_a
Harry Turner
245
_a
Triad Optical Illusions
260
_b
Dover Publications Inc.
260
_c
1978
300
_a
29 P.,
999
_c
435
_d
435